Classical dynamics of particles and systems (Record no. 240582)

MARC details
000 -LEADER
fixed length control field 02151nam a22002777a 4500
005 - DATE AND TIME OF LATEST TRANSACTION
control field 20251024093800.0
008 - FIXED-LENGTH DATA ELEMENTS--GENERAL INFORMATION
fixed length control field 251023b |||||||| |||| 00| 0 eng d
020 ## - INTERNATIONAL STANDARD BOOK NUMBER
International Standard Book Number 9788131518472
040 ## - CATALOGING SOURCE
Transcribing agency AL
041 ## - LANGUAGE CODE
Language code of text/sound track or separate title eng
082 ## - DEWEY DECIMAL CLASSIFICATION NUMBER
Classification number 531.11
Item number THOC
100 ## - MAIN ENTRY--PERSONAL NAME
Personal name Stephen T Thornton
100 ## - MAIN ENTRY--PERSONAL NAME
9 (RLIN) 242614
245 ## - TITLE STATEMENT
Title Classical dynamics of particles and systems
250 ## - EDITION STATEMENT
Edition statement 5
260 ## - PUBLICATION, DISTRIBUTION, ETC.
Place of publication, distribution, etc. Delhi
Name of publisher, distributor, etc. Cengage Learning
Date of publication, distribution, etc. 2024
300 ## - PHYSICAL DESCRIPTION
Extent xvi,656p
Other physical details PB
Dimensions 23x17.5cm
365 ## - TRADE PRICE
Source of price type code Physics
Price type code MAA4-3331584
Price amount ₹731.00
Currency code
Unit of pricing ₹731.00
Price note 0
Price effective from 05-10-2025
520 ## - SUMMARY, ETC.
Summary, etc. This best-selling classical mechanics text, written for the advanced undergraduate one- or two-semester course, provides a complete account of the classical mechanics of particles, systems of particles and rigid bodies. Vector calculus is used extensively to explore topics. The Lagrangian formulation of mechanics is introduced early to show its powerful problem solving ability. . Modern notation and terminology are used throughout in support of the text's objective: to facilitate students' transition to advanced physics and the mathematical formalism needed for the quantum theory of physics. CLASSICAL DYNAMICS OF PARTICLES AND SYSTEMS can easily be used for a one- or two-semester course, depending on the instructor's choice of topics.
521 ## - TARGET AUDIENCE NOTE
Target audience note Table of contents: <br/>1. Matrices, Vectors, and Vector Calculus.<br/>2. Newtonian Mechanics--Single Particle.<br/>3. Oscillations.<br/>4. Nonlinear Oscillations and Chaos.<br/>5. Gravitation.<br/>6. Some Methods in the Calculus of Variations.<br/>7. Hamilton''s Principle--Lagrangian and Hamiltonian Dynamics.<br/>8. Central-Force Motion.<br/>9. Dynamics of a System of Particles.<br/>10. Motion in a Noninertial Reference Frame.<br/>11. Dynamics of Rigid Bodies.<br/>12. Coupled Oscillations.<br/>13. Continuous Systems: Waves.<br/>14. The Special Theory of Relativity.<br/>Appendices. Selected References. Bibliography. Answers to Even-Numbered Problems.
650 ## - SUBJECT ADDED ENTRY--TOPICAL TERM
Topical term or geographic name entry element Newtonian Mechanics
9 (RLIN) 242571
650 ## - SUBJECT ADDED ENTRY--TOPICAL TERM
Topical term or geographic name entry element Coupled Oscillations
9 (RLIN) 242572
650 ## - SUBJECT ADDED ENTRY--TOPICAL TERM
Topical term or geographic name entry element Taylors Theorem
9 (RLIN) 242573
650 ## - SUBJECT ADDED ENTRY--TOPICAL TERM
Topical term or geographic name entry element Elliptic Integrals
9 (RLIN) 242574
700 ## - ADDED ENTRY--PERSONAL NAME
Personal name Marion, Jerry B
9 (RLIN) 242575
942 ## - ADDED ENTRY ELEMENTS (KOHA)
Source of classification or shelving scheme Dewey Decimal Classification
Koha item type Book
Holdings
Withdrawn status Lost status Source of classification or shelving scheme Damaged status Not for loan Collection code Home library Current library Shelving location Date acquired Source of acquisition Cost, normal purchase price Total Checkouts Full call number Barcode Date last seen Cost, replacement price Price effective from Koha item type
    Dewey Decimal Classification     Physics St Aloysius Library St Aloysius Library Stack Section 10/13/2025 amazon.in 731.00   531.11 THOC 077910 10/23/2025 731.00 10/05/2025 Book